• 首页
  • 本馆介绍
  • 公告通知
  • 最新文献
  • 馆藏检索
  • 电子资源
  • 读者导购
  • 参考咨询
  • 我的图书馆
  • 登录
  • 详细信息显示
  • 放入我的书架
  • 预约/预借图书
  • 作者相关作品
  • 分类相关作品
  • 丛书相关作品
  • 出版社相关作品

书目信息

  • 表格格式
  • 工作单格式
  • 卡片格式
题名:
磷光体和半导体的表面物理
    
 
作者: 斯夫科特 , 里德 编著
分册:  
出版信息: 北京   科学出版社  1982.5
页数: 690页
开本: 20cm
丛书名:
单 册:
中图分类: O472
科图分类:
主题词: 半导体物理学
电子资源:
ISBN:
000 00600nam0 2200205 45
001 0312221749
005 20031222171125.3
010    @dCNY3.35
100    @a20031222d1982 km y0chiy0120 ea
101    @achi
105    @a z 000yy
200 1  @a磷光体和半导体的表面物理@ALin Guang Ti He Ban Dao Ti De Biao Mian Wu Li@f斯夫科特,里德编著@FSi Fu Ke Te,Li De Bian Zhu
210    @a北京@c科学出版社@d1982.5
215    @a690页@d20cm
606 0  @a半导体物理学
690    @aO472@v3
701 0  @a斯夫科特@4编著
701 0  @a里德@4编著
801    @aCN@bTSTCL@c20031222
905    @a213230@dO472@e10@b162146@f1
    
    磷光体和半导体的表面物理/斯夫科特,里德编著.-北京:科学出版社,1982.5
    690页;20cm
    
    
    ISBN :CNY3.35
    
●
相关链接 在E读中查询图书 在五车中查询图书 在当当中查询图书 在豆瓣中查询图书


正题名:磷光体和半导体的表面物理     索取号:O472/10         预约/预借

序号 登录号 条形码 馆藏地/架位号 状态 备注
1 0162146   001454161   第三借阅区/ [索取号:O472/10] 在馆    
2 0162147   202098675   第二样本阅览室/ [索取号:O472/10] 在馆    
唐山师范学院图书馆 欢迎您!
大连网信软件有限公司© 版权所有